[La medicina de las pasiones o las pasiones consideradas con respecto a las enfermedades, las leyes y la religión / (Record no. 48566)

MARC details
000 -LEADER
campo de control de longitud fija 00893nam a22002415i 4500
001 - NÚMERO DE CONTROL
campo de control 48566
003 - IDENTIFICADOR DE NÚMERO DE CONTROL
campo de control ES-MaACL
005 - FECHA Y HORA DE LA ÚLTIMA TRANSACCIÓN
campo de control 20250730063101.0
007 - CAMPO FIJO DE DESCRIPCIÓN FÍSICA--INFORMACIÓN GENERAL
campo de control de longitud fija t|
008 - DATOS DE LONGITUD FIJA--INFORMACIÓN GENERAL
campo de control de longitud fija 950724s1868 sp ||||1| spa d
040 ## - FUENTE DE CATALOGACIÓN
Centro catalogador/agencia de origen CAM
Lengua de catalogación spa
Centro/agencia transcriptor CAM
080 ## - NÚMERO DE LA CLASIFICACIÓN DECIMAL UNIVERSAL
Número de la Clasificación Decimal Universal 612.821.3
080 ## - NÚMERO DE LA CLASIFICACIÓN DECIMAL UNIVERSAL
Número de la Clasificación Decimal Universal 159.942
100 1# - ENTRADA PRINCIPAL--NOMBRE DE PERSONA
Nombre de persona Descuret, Jean-Baptiste-Félix,
Fechas asociadas al nombre 1795-1872
9 (RLIN) 148684
245 13 - MENCIÓN DEL TÍTULO
Título [La medicina de las pasiones o las pasiones consideradas con respecto a las enfermedades, las leyes y la religión /
Mención de responsabilidad, etc. por J. B. F. Descuret ; traducción del francés por Pedro Felipe Monlau].
260 ## - PUBLICACIÓN, DISTRIBUCIÓN, ETC.
Lugar de publicación, distribución, etc. [Barcelona] :
Nombre del editor, distribuidor, etc. [s.n.],
Fecha de publicación, distribución, etc. 1868 (
Fabricante Juan Devares e Hijos)
300 ## - DESCRIPCIÓN FÍSICA
Extensión 542 p. ;
Dimensiones 18 cm.
500 ## - NOTA GENERAL
Nota general Ejemplar sin port., datos completados con Palau, 71026.
650 #4 - PUNTO DE ACCESO ADICIONAL DE MATERIA--TÉRMINO DE MATERIA
Término de materia o nombre geográfico como elemento de entrada Pasiones.
9 (RLIN) 148685
700 1# - ENTRADA AGREGADA--NOMBRE PERSONAL
Nombre de persona Monlau, Pedro Felipe,
Fechas asociadas al nombre 1808-1871
9 (RLIN) 82226
852 ## - LOCALIZACIÓN
Ubicación ES-MaACL
Número de control de estantería G-10730
Holdings
Estatus retirado Estado de pérdida Estado de daño No para préstamo Colección Biblioteca de origen Biblioteca actual Ubicación en estantería Fecha de adquisición Fuente de adquisición Total de préstamos Signatura topográfica completa Código de barras Visto por última vez Precio de reemplazo Tipo de ítem Koha
        Libros del s. XIX Biblioteca del Ateneo de Madrid Biblioteca del Ateneo de Madrid Sala Pecera Planta 3 17/01/2008     G-10730 1051110 23/02/2023 23/02/2023 Libro impreso antiguo